<?xml version="1.0" encoding="UTF-8"?>
<record
    xmlns:xsi="http://www.w3.org/2001/XMLSchema-instance"
    xsi:schemaLocation="http://www.loc.gov/MARC21/slim http://www.loc.gov/standards/marcxml/schema/MARC21slim.xsd"
    xmlns="http://www.loc.gov/MARC21/slim">

  <leader>00902cam a22003134a 4500</leader>
  <datafield tag="999" ind1=" " ind2=" ">
    <subfield code="c">17185</subfield>
    <subfield code="d">17185</subfield>
  </datafield>
  <controlfield tag="001">YPZ19474</controlfield>
  <controlfield tag="003">YPZ</controlfield>
  <controlfield tag="005">20231011092225.0</controlfield>
  <controlfield tag="008">070326|###########||||||b||||||||||spa|d</controlfield>
  <datafield tag="020" ind1=" " ind2=" ">
    <subfield code="a">847738259X</subfield>
  </datafield>
  <datafield tag="040" ind1=" " ind2=" ">
    <subfield code="c">SIUNPA</subfield>
    <subfield code="a">SIUNPA</subfield>
    <subfield code="b">spa</subfield>
    <subfield code="e">AACR2</subfield>
  </datafield>
  <datafield tag="041" ind1=" " ind2=" ">
    <subfield code="a">spa</subfield>
  </datafield>
  <datafield tag="044" ind1=" " ind2=" ">
    <subfield code="a">sp</subfield>
  </datafield>
  <datafield tag="080" ind1=" " ind2=" ">
    <subfield code="a">616-053.2 A864at</subfield>
  </datafield>
  <datafield tag="245" ind1=" " ind2=" ">
    <subfield code="a">Atenci&#xF3;n integral de enfermer&#xED;a en el ni&#xF1;o y el adolescente</subfield>
    <subfield code="c">/ coordinaci&#xF3;n Marta D&#xED;az G&#xF3;mez</subfield>
  </datafield>
  <datafield tag="260" ind1=" " ind2=" ">
    <subfield code="a">Madrid</subfield>
    <subfield code="b"> : S&#xED;ntesis</subfield>
    <subfield code="c"> , 1994</subfield>
  </datafield>
  <datafield tag="300" ind1=" " ind2=" ">
    <subfield code="a">477 p.</subfield>
    <subfield code="b">: il.</subfield>
  </datafield>
  <datafield tag="490" ind1=" " ind2=" ">
    <subfield code="a">(Colecci&#xF3;n enfermer&#xED;a ; </subfield>
    <subfield code="v">4)</subfield>
  </datafield>
  <datafield tag="650" ind1=" " ind2=" ">
    <subfield code="a"> SERVICIOS DE ENFERMERIA</subfield>
  </datafield>
  <datafield tag="650" ind1=" " ind2=" ">
    <subfield code="a"> NI&#xD1;OS </subfield>
  </datafield>
  <datafield tag="650" ind1=" " ind2=" ">
    <subfield code="a"> ADOLESCENTES</subfield>
  </datafield>
  <datafield tag="650" ind1=" " ind2=" ">
    <subfield code="a"> DESARROLLO DEL NI&#xD1;O</subfield>
  </datafield>
  <datafield tag="650" ind1=" " ind2=" ">
    <subfield code="a"> PEDIATRIA </subfield>
  </datafield>
  <datafield tag="650" ind1=" " ind2=" ">
    <subfield code="a"> NUTRICION INFANTIL</subfield>
  </datafield>
  <datafield tag="650" ind1=" " ind2=" ">
    <subfield code="a"> LACTANCIA MATERNA</subfield>
  </datafield>
  <datafield tag="700" ind1=" " ind2=" ">
    <subfield code="a">D&#xED;az G&#xF3;mez, Marta</subfield>
    <subfield code="e">, coord.</subfield>
  </datafield>
  <datafield tag="830" ind1=" " ind2=" ">
    <subfield code="9">414</subfield>
    <subfield code="a">Enfermer&#xED;a (S&#xED;ntesis)</subfield>
  </datafield>
  <datafield tag="942" ind1=" " ind2=" ">
    <subfield code="c">BK</subfield>
    <subfield code="2">udc</subfield>
  </datafield>
  <datafield tag="952" ind1=" " ind2=" ">
    <subfield code="0">0</subfield>
    <subfield code="1">0</subfield>
    <subfield code="2">udc</subfield>
    <subfield code="4">0</subfield>
    <subfield code="7">0</subfield>
    <subfield code="8">CG</subfield>
    <subfield code="a">BIB_RECT</subfield>
    <subfield code="b">BIB_UART</subfield>
    <subfield code="d">2007-03-02</subfield>
    <subfield code="e">UART</subfield>
    <subfield code="g">50.00</subfield>
    <subfield code="i">03-31401</subfield>
    <subfield code="o">616-053.2 A864at</subfield>
    <subfield code="p">03-31401</subfield>
    <subfield code="r">2019-04-03</subfield>
    <subfield code="t">ej.1</subfield>
    <subfield code="v">50.00</subfield>
    <subfield code="w">2019-04-03</subfield>
    <subfield code="y">BK</subfield>
  </datafield>
  <datafield tag="952" ind1=" " ind2=" ">
    <subfield code="0">0</subfield>
    <subfield code="1">0</subfield>
    <subfield code="2">udc</subfield>
    <subfield code="4">0</subfield>
    <subfield code="7">0</subfield>
    <subfield code="8">CG</subfield>
    <subfield code="a">BIB_RECT</subfield>
    <subfield code="b">BIB_UART</subfield>
    <subfield code="d">2023-10-11</subfield>
    <subfield code="e">Compra SIUNPA</subfield>
    <subfield code="g">24715.00</subfield>
    <subfield code="i">03-51467</subfield>
    <subfield code="l">3</subfield>
    <subfield code="o">616-053.2 A864at</subfield>
    <subfield code="p">03-51467</subfield>
    <subfield code="r">2025-10-13</subfield>
    <subfield code="s">2025-09-30</subfield>
    <subfield code="t">ej.2</subfield>
    <subfield code="v">24715.00</subfield>
    <subfield code="w">2023-10-11</subfield>
    <subfield code="y">BK</subfield>
  </datafield>
</record>
